000 00750nam 22002053 4500
001 202842
010 _aobra completa: 978-84-7841-079-8
021 _bB-47155-L
090 _a202842
100 _a20260702d u||y0pory50 ba
200 _aManual Merck de Veterinaria
_fEditor: Cynthia M. Kahn, B.A., M.A.
205 _a
210 _aBarcelona
_cEditorial Ocenao/ Centrum
_d2007
215 _a2 vols (2682 p.)
_cencadernado
_d26 cm
300 _aEdição especial do 50º aniversário
606 _910373
_aVeterinária. Doenças inimigas e pragas de animais domésticos e úteis: controlo e tratamento. Medidas zootécnicas de protecção
_xZoologia
675 _a636.09
_vES
_zspa
801 _aPT
_bBMMN
_gRPC
830 _cFernando
_fFernando
990 _cLIVROS